| 000 | 00464nam a2200157 4500 | ||
|---|---|---|---|
| 001 | 131472 | ||
| 003 | ES-MaACL | ||
| 005 | 20230906194004.0 | ||
| 007 | t| | ||
| 008 | 070214s1971 sp r ||||1| spa d | ||
| 100 | 1 |
_aRodríguez Aguilera, Cesáreo. _998320 |
|
| 245 | 1 | 0 |
_aCrónica del arte contemporáneo / _cCesáreo Rodríguez Aguilera. |
| 260 |
_aBarcelona : _bAriel, _c1971. |
||
| 300 |
_a139 p., 14 lám. ; _c19 cm. |
||
| 852 |
_aES-MaACL _jC-42462 _bR.80243 |
||
| 999 |
_c131472 _d131472 |
||